[Event "Les Sables d'Olonneop 4th"]
[Site "Les Sables d'Olonne"]
[Date "2017.07.17"]
[Round "3"]
[White "Bogdanov, Egor"]
[Black "Wahiche, Geoffrey"]
[Result "1-0"]
[WhiteElo "2292"]
[BlackElo "2083"]
[PlyCount "49"]
[EventDate "2017.07.15"]
[EventType "swiss"]
[EventRounds "9"]
[EventCountry "FRA"]
[SourceTitle "EXT 2018"]
[Source "ChessBase"]
[SourceDate "2017.10.13"]
[SourceVersion "1"]
[SourceVersionDate "2017.10.13"]
[SourceQuality "1"]

1. e4 c5 2. c3 Nf6 3. e5 Nd5 4. d4 cxd4 5. Nf3 Nc6 6. cxd4 d6 7. Bc4 dxe5 8. dxe5 Ndb4 9. Qxd8+ Nxd8 10. Na3 Bg4 11. 0-0 a6 12. Be2 Ndc6 13. h3 Bf5 14. Rd1 e6 15. Bd2 Be7 16. Nc4 Rd8 17. Ne3 Be4 18. a3 Nd5 19. Nxd5 Bxd5 20. Be3 0-0 21. Bb6 Rc8 22. Rac1 Nb8 23. b4 Nd7 24. Bc7 Bc6 25. Rxc6 1-0

[Event "Ermont op 1st"]
[Site "Ermont"]
[Date "2009.05.08"]
[Round "2"]
[White "Debray, Christopher"]
[Black "Wahiche, Geoffrey"]
[Result "1-0"]
[WhiteElo "2299"]
[BlackElo "1890"]
[PlyCount "137"]
[EventDate "2009.05.08"]
[EventType "swiss"]
[EventRounds "6"]
[EventCountry "FRA"]
[SourceTitle "EXT 2011"]
[Source "ChessBase"]
[SourceDate "2010.11.26"]
[SourceVersion "1"]
[SourceVersionDate "2010.11.26"]
[SourceQuality "1"]

1. e4 c5 2. Nf3 d6 3. Bb5+ Bd7 4. Bxd7+ Nxd7 5. 0-0 e6 6. d4 cxd4 7. Qxd4 Ngf6 8. Nc3 a6 9. Bg5 Be7 10. Rad1 Qc7 11. Bh4 0-0 12. Bg3 e5 13. Qe3 b5 14. a3 Nb6 15. Qc1 Rac8 16. Bh4 Rfd8 17. Rfe1 Qc4 18. Qe3 Qc7 19. Rd3 Nc4 20. Qc1 Nb6 21. Red1 Nh5 22. Bxe7 Qxe7 23. g3 Nf6 24. Nh4 g6 25. Qg5 Nfd5 26. Qxe7 Nxe7 27. Rxd6 Rxd6 28. Rxd6 Nc4 29. Rxa6 Nxb2 30. Nxb5 Rxc2 31. Ra7 Kf8 32. Nf3 Rc5 33. Nd6 h6 34. Ra8+ Kg7 35. Ne8+ Kf8 36. Nd6+ Kg7 37. Ra7 Kf8 38. Kg2 Nd3 39. Ra8+ Kg7 40. Ne8+ Kf8 41. Rd8 Rc3 42. a4 Nc6 43. Rc8 Rc2 44. Nf6+ Kg7 45. Ng4 Rc5 46. h4 Rc4 47. Ne3 Rc5 48. h5 Ndb4 49. hxg6 fxg6 50. Rc7+ Kg8 51. Nd5 Ra5 52. Nf6+ Kf8 53. Nh4 Ne7 54. Nd7+ Kf7 55. Nb6 Nbc6 56. f4 Ra7 57. Nc8 exf4 58. gxf4 Rxa4 59. f5 Kf6 60. Nxe7 Nxe7 61. e5+ Kg5 62. Rxe7 gxf5 63. Nf3+ Kf4 64. Ne1 Ra2+ 65. Kf1 Ra5 66. Re8 h5 67. e6 Ke5 68. e7 Ra7 69. Ng2 1-0